Formula 1 - Statistics

General Stats
  • This quiz has been taken 19 times
  • The average score is 16 of 26
Answer Stats
Hint Answer % Correct
When did the F1 drivers championship start? 1950
93%
How many championship did the above racer win? 5
93%
How many championships did Senna win? 3
80%
How many championship did Prost win? 4
80%
How many Championships has Hamilton won? 7
80%
Which driver has the record for most wins in a season (19)? Max Verstappen
80%
What was Sebastion Vettel's first F1 season? 2007
73%
Who held the record for most championship wins before Michael Schumacher? Fangio
73%
What country did Senna die in? Italy
73%
Who beat Hamilton and won the championship in 2016? Nico Rosberg
73%
When did the F1 constructors championship start? 1958
67%
How many people have won the drivers championship in all? 35
67%
Who ended Ferrari's and Schumacher's reign of dominance in 2005? Alonso
67%
Who was the last Ferrari to win the championship? Raikkonen
67%
What was Michael Schumachers first year in F1 1991
60%
What year did Schumacher win his first Championship? 1994
60%
Who is the only racer to win the championship with his own team and car? Brabham
60%
What year did Niki Luada have his crash? 1976
53%
What year did Mario Andretti win the championship? 1978
53%
Who was the first F1 world Champion Farina
53%
Which year did the above racer do this? 1966
47%
What year did Sir Jackie Stewart first win the championship? 1969
47%
Who is the only racer in history to win the triple crown of motorsport? Graham Hill
47%
What team did Senna race for in his rookie season in 1984? Toleman
40%
What was the controversial race near the end of the 1989 season? Japan
33%
What team was Jim Clark on his whole career? Cooper
27%
No matching quizzes found
Score Distribution
Percent of People with Each Score
Percentile by Number Answered
Your Score History
You have not taken this quiz